000 00723nam a2200217 a 4500
001 000028230
005 20240412074253.0
008 110407s2010 dr a 000 j spa d
020 _a9789945473025
040 _aDO-SdBNP
_bspa
_cBNPHU
082 _aRD863.44
_bU75s
100 1 _aUreña Rib, Fernando,
_d1951-
_930237
245 1 3 _aLa selva de los malentendidos /
_cFernando Ureña Rib.
260 _aSanto Domingo :
_bSantuario,
_c2010.
300 _a137 p. :
_bil. ;
_c21 cm.
500 _aIncluye datos biográficos del autor en la solapa de la cubierta
590 _aInventariado, 2020 /LP
650 0 _aCuentos dominicanos
_9176
650 0 _aLiteratura dominicana.
_967
910 _aValidado. Control de calidad MFF
999 _c27722
_d27722